[Event "GER-chT Laender Seniors 65+"]
[Site "Templin"]
[Date "2018.09.13"]
[Round "4.4"]
[White "Heckert, Klaus Dieter"]
[Black "Ohl, Karsten"]
[Result "1/2-1/2"]
[WhiteElo "2035"]
[BlackElo "1898"]
[PlyCount "92"]
[EventDate "2018.09.10"]
[EventType "team-swiss"]
[EventRounds "7"]
[EventCountry "GER"]
[SourceTitle "EXT 2020"]
[Source "ChessBase"]
[SourceDate "2019.10.17"]
[SourceVersion "1"]
[SourceVersionDate "2019.10.17"]
[SourceQuality "1"]
[WhiteTeam "Brandenburg"]
[BlackTeam "Bremen"]
[WhiteTeamCountry "GER"]
[BlackTeamCountry "GER"]

1. e4 d6 2. d4 Nf6 3. Nc3 g6 4. Be3 Bg7 5. f3 Nbd7 6. Qd2 c6 7. Nh3 b5 8. Nf2 b4 9. Ne2 Rb8 10. Nc1 0-0 11. Be2 Nb6 12. 0-0 Na4 13. a3 bxa3 14. b3 Nb6 15. Rxa3 Qc7 16. Ncd3 Bd7 17. Rfa1 Nc8 18. c3 Re8 19. Nb4 Rb6 20. Ba6 c5 21. Nbd3 Qb8 22. Nc1 cxd4 23. Bxd4 Rc6 24. c4 Nb6 25. Qa2 Rc7 26. Ncd3 Be6 27. Bb5 Rec8 28. Rxa7 Nxe4 29. Bxb6 Qxb6 30. Rxc7 Rxc7 31. fxe4 Bxa1 32. Qxa1 Ra7 33. Qb2 Qe3 34. h3 h5 35. Kh2 h4 36. Qc1 Qg3+ 37. Kh1 Ra2 38. Qf1 Bc8 39. b4 Bb7 40. c5 dxc5 41. bxc5 Rc2 42. Qd1 Bxe4 43. Qf1 Bb7 44. Ba4 Rc3 45. Bd7 e5 46. c6 Bxc6 1/2-1/2